Регионална библиотека "Любен Каравелов" - Русе

Das war nur ein Moment (Запис номер 519736)

MARC детайли
000 -Лидер
Лидер 01745njm a2200301 a 4500
003 - Код на организацията, давaща контролен номер
Код на организацията, даваща контролен номер BLK
005 - Дата и час на последна редакция
Дата и час на последна редакция 20241018091741.0
007 - Фиксирано поле за физическо описани
Физическо описание sd ammalaaahaa
008 - Елементи от данни с фиксирана дължина
Елементи с фиксирана дължина 240822b bul||n|| |||||||| n|bulo|
028 ## - PUBLISHER NUMBER
Издателски номер 855216
040 ## - Източник на каталожния запис
Код на библиотеката BLK
041 ## - Код за език
Език на записа Немски
Език за КДБФ Немски
080 ## - УДК
УДК текст Други видове песни. - Естрада, джаз. Стари градски. Рок и попмузика. Чалга (поп фолк)
УДК код 784.7
УДК – определител (086.72)
УДК – код + определител 784.4(086.72)
100 1# - Редна дума - Автор
R(LIN) 16031
Автор Krug, Manfred
245 ## - Сведения за заглавието
Заглавие Das war nur ein Moment
Подзаглавни данни P. 1
Авторска отговорност Manfred Krug
260 ## - Област на издателските данни
Място на издаване Berlin
Име на издателя Deutsche Schallplatten
Година на издаване 1971
9 (RLIN) 215027
300 ## - Физическа характеристика
Брой страници 1 грамофонна плоча 33 об./мин.
Илюстрации stereo
Размер 30 см
380 ## - Жанр
Жанр Изкуство
490 ## - СЕРИИ (Колекции)
9 (RLIN) 493969
Серия Amiga
500 ## - Общи забележки
Обща забележка (01) Manfred Krug - Du sagtest leider nur Gut' Nacht<br/>(02) Manfred Krug - Frag mich,warum<br/>(03) Manfred Krug - Der Tag beginnt<br/>(04) Manfred Krug - Gestern war der Ball<br/>(05) Manfred Krug - Unser Abend war wunderbar<br/>(06) Manfred Krug - Das war nur ein Moment<br/>----<br/>(07) Manfred Krug - Hör auf<br/>(08) Manfred Krug - Du gehst<br/>(09) Manfred Krug - Nacht<br/>(10) Manfred Krug - Als ich rief nach dir<br/>(11) Manfred Krug - Ende der Platte
511 ## - Забележка за участници или изпълнители
Забележка за участници Kompositionen und Arrangements : Günther Fischer<br/>Texte: Clemens Kerber<br/>Musik- und Tonregie: Gerhard Siebholz<br/><br/>Streicher: Streichergruppe Otto Karl Beck<br/>Chor: Michaelis-Chor<br/><br/>auf der Rückseite gibt es ein (fiktives) Interview von Isa Karfunkelstein (Pseudonym für Manfred Krug)<br/>mit Manfred Krug.
653 ## - Ключова дума – ненормативна
9 (RLIN) 194195
Ключови думи популярна музика
852 ## - Местоположение
Сигнатура (форматна) Ф ІІ 3255
Отдел Хранилище
856 ## - Електронен адрес и достъп
Инструкция (цена за достъп) 0.00
Права за достъп disable
942 ## - АРТИКУЛИ
Вид на библиотечния документ Грамофонни плочи
Скрит в OPAC Не
944 ## - СЪЗДАВАНЕ И РЕДАКЦИЯ на ЗАПИСА
Дата на регистрацията/редакция Нора Радева
Служител, извършил регистрацията/редакцията 30545
Статус, дата на статуса Нора Радева
Създаване/Редакция
999 ## - СИСТЕМНИ КОНТРОЛНИ НОМЕРА
Koha biblionumber 519736
Koha biblioitemnumber 519736
999 ## - СИСТЕМНИ КОНТРОЛНИ НОМЕРА
Koha biblioitemnumber 519732
Наличности
Код за отписване Код за изгубен артикул Източник на класификационната схема Код за повреда Коз за рестрикции Код за отдаване Артикулен № Име на библиотеката - собственик Име на библиотеката, в която се намира в момента Статус (Текущо местоположение) Дата на вписване в системата Местоположение - отдел Цена в лева Инвентарен номер Систематично азбучна сигнатура Баркод Цена в евро Служебен тип на артикула
  Не е изгубен Universal Decimal Classification Не е повреден само за читалня ползва се в читалня 952426 Регионална библиотека "Любен Каравелов" Русе Регионална библиотека "Любен Каравелов" Русе Хранилище 2024-10-18 Основен фонд - ползва се само за читалня 6.00 7988 Ф ІІ 3255 900000109200 3.07 Грамофонни плочи
Vip Innovations Ltd, Rousse, Bulgaria 2025